000 00601nam a2200181Ia 4500
003 IN-BaIIA
008 211028s9999 xx 000 0 eng d
020 _a0-309-03335-7
040 _cIIA Library
080 _a52:524
_bASC
110 _aAstronomy Survey Committee (National Academy Press (U.S.))
_914163
245 0 _aChallenges to astronomy and astrophysics
_cAstronomy Survey Committee
260 _aWashington
_bNational Academy Press
_c1983
300 _axxii, 272p.
650 _aAstronomy
_980
650 _aAstronomy and astrophysics thesaurus
942 _cBK
999 _c8451
_d8451